| 000 | 00620nam a22002057a 4500 | ||
|---|---|---|---|
| 999 |
_c21458 _d21458 |
||
| 003 | OSt | ||
| 005 | 20210618110918.0 | ||
| 008 | 170128b xxu||||| |||| 00| 0 eng d | ||
| 020 | _a0668061626 | ||
| 040 |
_aMMU _beng. _cMMU _dMMU |
||
| 050 | _aTT180.W646 1984 | ||
| 100 | _aDuncan Andrew. | ||
| 245 |
_aThe woodworker's handbook: _ba complete course for craftsmen, do-it-yourselfers and hobbyist/ _cedited by Andrew Duncan. |
||
| 260 |
_aNew York: _bArco Publishing, Inc., _c1984. |
||
| 300 |
_a216 p. : _bill. ; |
||
| 500 | _aIncludes index | ||
| 650 | _aWoodwork. | ||
| 700 | _aGwen Rigby. | ||
| 942 |
_2lcc _cLOAN LOAN |
||